[Event "FIDE Womens GP Gibraltar 2021"]
[Site "Caleta"]
[Date "2021.05.22"]
[Round "1.2"]
[White "Bulmaga, Irina"]
[Black "Paehtz, Elisabeth"]
[Result "0-1"]
[WhiteElo "2440"]
[BlackElo "2456"]
[Annotator "TA"]
[PlyCount "104"]
[EventDate "2021.05.22"]
[EventType "tourn"]
[EventCountry "GGB"]
[Tiebreak "Koya+Number of black wins+Number of wins"]
[SourceTitle "playchess.com"]
[Source "ChessBase"]
[SourceQuality "1"]

{[%evp 13,104,25,56,41,27,43,73,41,44,42,70,39,50,47,77,58,47,63,108,98,101,
116,135,48,18,15,70,0,101,91,101,101,100,85,118,82,81,56,75,35,48,44,370,47,49,
52,51,47,41,44,39,0,105,127,386,357,331,344,363,345,333,325,2195,-1097,-1115,
-1093,-1109,-1071,-1061,-1045,-992,-1668,-1702,-1628,-1659,-1645,-1628,-1545,
-1406,-1558,-1489,-2552,-2497,-2468,-2316,-29980,-29981,-29981,-29982,-29994,
-29995,-29995,-29995]} 1. e4 c5 2. Nf3 d6 3. d4 Nf6 4. Nc3 cxd4 5. Nxd4 a6 6.
Bg5 e6 7. f4 Qc7 8. Qe2 {Recently 8.Bxf6 got a lot of attention. B96: Sicilian
Najdorf: 6 Bg5 e6 7 f4, lines other than 7...Qb6 and 7...Be7.} b5 9. a3 Bb7 10.
O-O-O {White is better.} (10. Bxf6 $5 gxf6 11. O-O-O $11) 10... Nbd7 {[%cal
Bb8d7,Bd7b6,Bb6c4][%mdl 32]} 11. g4 Rc8 {[#]} 12. f5 $146 ({Predecessor:} 12.
Bxf6 gxf6 13. h4 Qb6 14. Rh3 h5 15. f5 e5 16. Nb3 hxg4 17. Qxg4 b4 18. axb4
Qxb4 {1-0 (54) Kramnik,V (2808)-Gelfand,B (2743) Moscow 2016}) 12... e5 13. Nb3
Nb6 14. Bxf6 gxf6 15. h4 h6 16. Kb1 Rg8 17. Rg1 Nc4 {White must now prevent ...
Nxb2!} 18. Nd5 (18. Rg3 $16) 18... Bxd5 $14 19. Rxd5 Be7 (19... Qb6 $11 20. Rg3
h5) 20. Rg3 ({White should try} 20. h5 $14) 20... Qb7 (20... h5 $1 $11 {
keeps the balance.}) 21. Qe1 Nb6 22. Rd1 Na4 23. Bd3 (23. Qe3 {seems wilder.}
Qb6 24. Qf3 Kf8 25. Be2 Qc6 26. Na1) 23... Kf8 24. Qd2 Rh8 25. Rdg1 d5 26. g5
hxg5 ({But not} 26... dxe4 $2 27. Bxe4 $1 {[%mdl 512]} (27. gxf6 Bxf6 28. Bxe4
Qb6 $14) 27... Qxe4 28. gxf6 $18) 27. hxg5 dxe4 $2 {[%mdl 8192] [#]} (27...
fxg5 $14 28. Rxg5 Bf6) 28. Qg2 $2 fxg5 29. Bxe4 Qb6 30. Rh1 $1 $40 {[%cal
Rh1h8][%mdl 128] White has some attack.} ({Weaker is} 30. Rxg5 Bxg5 31. Qxg5
Qh6 $17) 30... Rxh1+ 31. Qxh1 {[%cal Rh1h8]} Bf6 32. Rh3 {[%mdl 1024] And now
Rh8+! would win. White has compensation.} (32. Rxg5 $5 Ke7 33. Rg4 $11) 32...
Ke7 (32... Rd8 $11) 33. Rh7 $1 $16 Qf2 $2 {[%mdl 8192]} (33... Qd6 $16) 34. Qh5
$1 $18 {[%cal Rh5f7]} Rf8 {Hoping for ...Qe1+.} 35. Bd5 Qxf5 36. Bxf7 {Bg6+
would kill now.} ({Not} 36. Rxf7+ Rxf7 37. Qxf7+ Kd6 $18) 36... Qf1+ 37. Ka2
Kd6 $2 (37... Bg7) 38. Nd2 $4 {[%mdl 8192]} (38. Qg4 $18 Nc5 39. Nxc5 Rxf7 40.
Rxf7 Qc4+ 41. Qxc4 bxc4 42. Ne4+ {[%mdl 64] Double Attack} Kd5 43. Nxf6+ Ke6
44. Rf8) 38... Qc1 $1 $19 {[%csl Ga4,LRb2,LRc2,LRd2][%cal Rc1b2][%mdl 64]
Double Attack} 39. Ne4+ Kc6 {[%csl Ga4][%cal Rc1b2]} 40. Bd5+ Kxd5 {[%csl Ga4]
[%cal Rc1b2]} 41. Rd7+ Kxe4 {[%csl Ga4][%cal Rc1b2]} 42. Qh7+ Kf4 {[%csl Ga4]
[%cal Rc1b2]} 43. Qh2+ Kf5 {[%csl Ga4][%cal Rc1b2]} 44. Qh7+ {[#]} Kg4 $1 {
[%csl Ga4][%cal Rc1b2]} 45. Qe4+ {[#]} Qf4 $1 {[%cal Rf4e4]} 46. Qg2+ Kf5 47.
Qh3+ g4 48. Qh7+ Kg5 {( -> ...Qc1)} 49. Rd1 Rh8 {Black mates.} 50. Qa7 Rh2 51.
Qa8 Qc4+ {[%mdl 64] Double Attack} 52. Ka1 Rxc2 {Weighted Error Value: White=0.
53/Black=0.38} 0-1

[Event "FIDE Womens GP Gibraltar 2021"]
[Site "Caleta"]
[Date "2021.05.22"]
[Round "1.3"]
[White "Abdumalik, Zhansaya"]
[Black "Saduakassova, Dinara"]
[Result "1-0"]
[WhiteElo "2472"]
[BlackElo "2500"]
[Annotator "TA"]
[PlyCount "89"]
[EventDate "2021.05.22"]
[EventType "tourn"]
[EventCountry "GGB"]
[Tiebreak "Koya+Number of black wins+Number of wins"]
[SourceTitle "playchess.com"]
[Source "ChessBase"]
[SourceQuality "1"]

{[%evp 13,89,11,18,5,23,12,32,11,12,11,16,0,0,0,10,-1,0,0,0,0,0,0,22,0,14,0,19,
8,8,5,5,3,8,8,7,10,6,6,4,4,5,0,8,8,11,8,59,55,56,0,12,13,27,14,59,46,150,14,15,
19,31,16,88,99,200,198,238,234,456,456,508,508,505,501,480,460,735,636]} 1. e4
e5 2. Nf3 Nc6 3. Bc4 Bc5 4. O-O Nf6 5. d3 d6 6. c3 a6 7. a4 $1 {[%mdl 4]
outshines the older 7.Bb3.} h6 8. Re1 {C54: Giuoco Piano: 4 c3 Nf6, main lines
with 5 d4 and 5 d3.} O-O 9. h3 Be6 10. Nbd2 {White is slightly better.} Bxc4
11. Nxc4 Re8 {[#]} 12. Ne3 $146 ({Predecessor:} 12. Be3 Bxe3 13. Nxe3 a5 14.
Qb3 Qd7 15. Rad1 b6 16. Nd5 Nxd5 17. Qxd5 Rad8 18. Qb5 {0-1 (55) Moussard,J 
(2570)-Kryvoruchko,Y (2705) Brest 2018}) 12... Bxe3 13. Bxe3 d5 14. Qc2 Qd7 15.
a5 Rad8 16. Ra4 dxe4 17. dxe4 Re6 18. Nd2 Rd6 {[%cal Rd6d2]} 19. Nb3 Rd1 20.
Ra1 Rxe1+ 21. Rxe1 Qe6 22. Nc5 Qa2 23. Nxb7 Rb8 {[#]} 24. Qe2 $1 Rxb7 25. Qxa6
{[%mdl 64] Double Attack} Rxb2 ({But not} 25... Nxa5 $6 26. b4 $16) 26. Qxc6 {
Strongly threatening a6.} Qxa5 27. Rd1 Kh7 28. Qc4 Kg6 29. Kh2 Qa8 (29... Rc2
$11) 30. Qxc7 $14 Qxe4 31. Ra1 (31. Rd6 $14) 31... Rb7 32. Qc8 $40 {[%mdl 128]
Black needs to defend precisely.} Qd5 33. Ra6 {And now Qg4+ would win.} Rd7 (
33... Qd7 $5 {[%cal Rd7c8]} 34. Qh8 Qd3 $14) 34. Rb6 Rd6 ({Black should play} 
34... e4 $14) 35. Rxd6 ({White should try} 35. c4 $16 Qe6 36. Qxe6 Rxe6 37.
Rxe6 fxe6 38. g4) 35... Qxd6 $11 36. c4 Qd7 37. Qa8 (37. Qa6 {feels hotter.}
Qd3 38. Qb5 Qe4 39. Kh1 Qd3 40. Qa4) 37... Qc7 {[#]} (37... Qe6 $11) 38. c5 $1
$16 Kf5 (38... e4+ $16 39. g3 Qe5) 39. Qa6 $18 h5 {[#]} 40. Qc4 e4+ $2 (40...
Kg6 {was necessary.} 41. c6 Ne8) 41. Kg1 {White is clearly winning.} Qe7 {
and the idea ...Qe6 leaves Black hopeful.} 42. c6 Ne8 43. Qd5+ Kg6 44. Bf4 f6 (
44... Nc7 $142 45. Qa5 Ne8) 45. g4 {[%csl Gg4][%cal Rd5h5] Weighted Error
Value: White=0.13/Black=0.27} 1-0

[Event "FIDE Womens GP Gibraltar 2021"]
[Site "Caleta"]
[Date "2021.05.22"]
[Round "1.4"]
[White "Muzychuk, Mariya"]
[Black "Muzychuk, Anna"]
[Result "1/2-1/2"]
[WhiteElo "2544"]
[BlackElo "2535"]
[Annotator "TA"]
[PlyCount "47"]
[EventDate "2021.05.22"]
[EventType "tourn"]
[EventCountry "GGB"]
[Tiebreak "Koya+Number of black wins+Number of wins"]
[SourceTitle "playchess.com"]
[Source "ChessBase"]
[SourceQuality "1"]

{[%evp 22,47,16,18,12,10,5,5,18,0,0,0,0,0,0,0,0,0,0,0,0,0,0,0,0,0,0,0]} 1. e4
e5 2. Nf3 Nc6 3. Bb5 a6 4. Ba4 Nf6 5. O-O Be7 6. Re1 b5 7. Bb3 O-O 8. h3 Bb7 9.
d3 d5 10. exd5 Nxd5 11. Nxe5 Nxe5 $1 {[%mdl 4] is more profitable than 11...
Nd4 at the moment.} 12. Rxe5 {The position is equal.} Qd6 {C88: Closed Ruy
Lopez: Anti-Marshall Systems.} 13. Re1 Rae8 14. Nd2 c5 15. a4 c4 16. dxc4 Nf4
17. Nf3 $1 {[#] And now Qxd6 would win.} Nxg2 18. Qxd6 ({Much weaker is} 18.
Kxg2 Qg6+ 19. Kf1 Qf5 $19) 18... Nxe1 19. Qb6 Nxf3+ 20. Kg2 Nh4+ {[%mdl 64] [#]
Discovered Attack (Double check)} 21. Kg1 Nf3+ $1 22. Kg2 Nh4+ {[%mdl 64]
Discovered Attack (Double check)} 23. Kg1 Nf3+ $1 {[#]} 24. Kg2 $146 {Not much
happened in this game.  Weighted Error Value: White=0.02/Black=0.00} ({
Predecessor:} 24. Kf1 Nh2+ 25. Kg1 {1/2-1/2 (23) Csonka,B (2498)-Mihok,O (2552)
Ajka 2020}) 1/2-1/2

[Event "FIDE Womens GP Gibraltar 2021"]
[Site "Caleta"]
[Date "2021.05.22"]
[Round "1.5"]
[White "Dzagnidze, Nana"]
[Black "Lagno, Kateryna"]
[Result "1/2-1/2"]
[WhiteElo "2524"]
[BlackElo "2546"]
[Annotator "TA"]
[PlyCount "60"]
[EventDate "2021.05.22"]
[EventType "tourn"]
[EventCountry "GGB"]
[Tiebreak "Koya+Number of black wins+Number of wins"]
[SourceTitle "playchess.com"]
[Source "ChessBase"]
[SourceQuality "1"]

{[%evp 23,60,0,0,0,0,0,0,6,13,7,30,29,18,5,39,31,26,6,6,10,55,29,26,11,35,5,8,
10,6,2,16,0,0,0,0,0,0,0,0]} 1. d4 Nf6 2. c4 g6 3. Nf3 Bg7 4. g3 O-O 5. Bg2 d5
6. cxd5 Nxd5 7. O-O Nb6 8. Nc3 Nc6 9. d5 Na5 10. Qc2 c6 11. dxc6 Nxc6 12. Rd1
Qe8 13. Be3 {D76: Fianchetto Grünfeld: Main Line with 7...Nb6.} Bf5 14. Qc1 Rd8
15. Bh6 Rxd1+ 16. Nxd1 Qc8 17. Bxg7 Kxg7 {[#]} 18. Ne3 $146 ({Predecessor:} 18.
Nh4 Be6 19. b3 Qd7 20. Qb2+ f6 21. Nf3 Rd8 22. h4 Bf7 23. Nc3 Qg4 24. Rd1 {
1/2-1/2 (24) Barsov,A (2397)-Eynullayev,A (2228) Batumi 2019}) 18... Bh3 19.
Qc3+ Kg8 20. b4 Bxg2 21. Kxg2 a6 22. Rb1 (22. a4 {feels hotter.} Nd8 23. Qxc8
Nxc8 24. Nd5 Kg7 25. Nd4) 22... Nd8 23. Qb3 $40 {[%mdl 128] White is up to no
good.} Qe6 24. Qc2 Nd5 {The position is equal.} 25. Nxd5 Qxd5 26. a4 (26. a3 {
with more complications.} Qc6 27. Qd3 Ne6 28. b5 axb5 29. Qxb5 Qxb5 30. Rxb5
Rb8 31. Ne5) 26... Qc6 27. Qxc6 Nxc6 28. b5 axb5 29. Rxb5 Ra8 30. Rxb7 Rxa4 {
Weighted Error Value: White=0.07/Black=0.08} 1/2-1/2

[Event "FIDE Womens GP Gibraltar 2021"]
[Site "Caleta"]
[Date "2021.05.25"]
[Round "4.3"]
[White "Saduakassova, Dinara"]
[Black "Kashlinskaya, Alina"]
[Result "1/2-1/2"]
[WhiteElo "2500"]
[BlackElo "2494"]
[Annotator "ChessBase"]
[PlyCount "23"]
[EventDate "2021.05.22"]
[EventType "tourn"]
[EventCountry "GGB"]
[Tiebreak "Koya+Number of black wins+Number of wins"]
[SourceTitle "playchess.com"]
[Source "ChessBase"]
[SourceQuality "1"]
[TimeControl "40/5400+30:1800+30"]

1. d4 {[%emt 0:00:00]} Nf6 {[%emt 0:00:00]} 2. c4 {[%emt 0:00:00]} g6 {[%emt 0:
00:00]} 3. g3 {[%emt 0:00:00]} c5 {[%emt 0:00:04]} 4. Nf3 {[%emt 0:00:01]} Bg7
{[%emt 0:00:31]} 5. Bg2 {[%emt 0:00:06]} cxd4 {[%emt 0:00:27]} 6. Nxd4 {
[%emt 0:00:17]} O-O {[%emt 0:00:14]} 7. O-O {[%emt 0:02:47]} d5 {[%emt 0:00:36]
} 8. cxd5 {[%emt 0:05:27]} Nxd5 {[%emt 0:00:48]} 9. Nb5 {[%emt 0:08:22]} Be6 {
[%emt 0:02:01]} 10. Nd4 {[%emt 0:04:31]} Bc8 {[%emt 0:00:40]} 11. Nb5 {[%emt 0:
05:47]} Be6 {[%emt 0:00:46]} 12. Nd4 {[%emt 0:00:06]} 1/2-1/2

[Event "FIDE Womens GP Gibraltar 2021"]
[Site "Caleta"]
[Date "2021.05.25"]
[Round "4.6"]
[White "Bulmaga, Irina"]
[Black "Abdumalik, Zhansaya"]
[Result "1/2-1/2"]
[WhiteElo "2440"]
[BlackElo "2472"]
[Annotator "ChessBase"]
[PlyCount "62"]
[EventDate "2021.05.22"]
[EventType "tourn"]
[EventCountry "GGB"]
[Tiebreak "Koya+Number of black wins+Number of wins"]
[SourceTitle "playchess.com"]
[Source "ChessBase"]
[SourceQuality "1"]
[TimeControl "40/5400+30:1800+30"]

1. e4 {[%emt 0:00:00]} c5 {[%emt 0:00:00]} 2. Nf3 {[%emt 0:00:00]} e6 {[%emt 0:
00:00]} 3. d4 {[%emt 0:00:00]} cxd4 {[%emt 0:00:00]} 4. Nxd4 {[%emt 0:00:00]}
Nf6 {[%emt 0:00:06]} 5. Nc3 {[%emt 0:00:27]} Nc6 {[%emt 0:00:05]} 6. Ndb5 {
[%emt 0:00:31]} d6 {[%emt 0:01:35]} 7. Bf4 {[%emt 0:00:10]} e5 {[%emt 0:00:06]}
8. Bg5 {[%emt 0:00:06]} a6 {[%emt 0:00:05]} 9. Na3 {[%emt 0:00:06]} b5 {
[%emt 0:00:07]} 10. Nd5 {[%emt 0:00:06]} Be7 {[%emt 0:00:10]} 11. Bxf6 {
[%emt 0:00:10]} Bxf6 {[%emt 0:00:06]} 12. c3 {[%emt 0:00:42]} Ne7 {[%emt 0:00:
13]} 13. Nxf6+ {[%emt 0:03:35]} gxf6 {[%emt 0:00:26]} 14. c4 {[%emt 0:16:58]}
Qa5+ {[%emt 0:14:57]} 15. Qd2 {[%emt 0:00:51]} Qxd2+ {[%emt 0:00:17]} 16. Kxd2
{[%emt 0:00:08]} bxc4 {[%emt 0:03:51]} 17. Nxc4 {[%emt 0:03:28]} O-O {[%emt 0:
00:38]} 18. Nb6 {[%emt 0:03:00]} Rb8 {[%emt 0:00:34]} 19. Nxc8 {[%emt 0:00:15]}
Rfxc8 {[%emt 0:00:03]} 20. b3 {[%emt 0:01:59]} a5 {[%emt 0:00:06]} 21. Rc1 {
[%emt 0:07:34]} Rxc1 {[%emt 0:05:51]} 22. Kxc1 {[%emt 0:01:34]} f5 {[%emt 0:00:
13]} 23. exf5 {[%emt 0:08:53]} Nxf5 {[%emt 0:00:46]} 24. Bc4 {[%emt 0:02:41]}
Kg7 {[%emt 0:01:19]} 25. Rd1 {[%emt 0:00:41]} Nd4 {[%emt 0:00:29]} 26. Kb2 {
[%emt 0:06:09]} Kf6 {[%emt 0:07:20]} 27. Rd3 {[%emt 0:01:46]} h5 {[%emt 0:04:
55]} 28. Rh3 {[%emt 0:02:45]} Kg6 {[%emt 0:01:27]} 29. Rg3+ {[%emt 0:01:02]}
Kf6 {[%emt 0:00:23]} 30. Rh3 {[%emt 0:04:29]} Kg6 {[%emt 0:00:45]} 31. Rg3+ {
[%emt 0:01:00]} Kf6 {[%emt 0:00:15]} 1/2-1/2

[Event "FIDE Womens GP Gibraltar 2021"]
[Site "Caleta"]
[Date "2021.05.29"]
[Round "7.5"]
[White "Lagno, Kateryna"]
[Black "Paehtz, Elisabeth"]
[Result "1/2-1/2"]
[WhiteElo "2546"]
[BlackElo "2456"]
[Annotator "ChessBase"]
[PlyCount "102"]
[EventDate "2021.05.22"]
[EventType "tourn"]
[EventCountry "GGB"]
[Tiebreak "Koya+Number of black wins+Number of wins"]
[SourceTitle "playchess.com"]
[Source "ChessBase"]
[SourceQuality "1"]
[TimeControl "40/5400+30:1800+30"]

1. e4 {[%emt 0:00:03]} c5 {[%emt 0:00:03]} 2. Nf3 {[%emt 0:00:09]} d6 {[%emt 0:
00:03]} 3. d4 {[%emt 0:00:11]} cxd4 {[%emt 0:00:03]} 4. Nxd4 {[%emt 0:00:05]}
Nf6 {[%emt 0:00:04]} 5. Nc3 {[%emt 0:00:06]} a6 {[%emt 0:00:02]} 6. Be2 {
[%emt 0:00:15]} e5 {[%emt 0:00:04]} 7. Nf3 {[%emt 0:00:13]} Be7 {[%emt 0:02:38]
} 8. Bg5 {[%emt 0:00:20]} Be6 {[%emt 0:00:17]} 9. Bxf6 {[%emt 0:00:24]} Bxf6 {
[%emt 0:00:04]} 10. Nd5 {[%emt 0:00:11]} Nd7 {[%emt 0:00:09]} 11. O-O {[%emt 0:
13:03]} O-O {[%emt 0:00:46]} 12. a4 {[%emt 0:09:43]} Rc8 {[%emt 0:01:18]} 13.
c3 {[%emt 0:01:38]} Be7 {[%emt 0:07:39]} 14. a5 {[%emt 0:05:19]} Nf6 {[%emt 0:
04:59]} 15. Nb6 {[%emt 0:09:20]} Rc6 {[%emt 0:05:02]} 16. Ng5 {[%emt 0:04:52]}
Bc8 {[%emt 0:06:42]} 17. Nxc8 {[%emt 0:06:18]} Qxc8 {[%emt 0:02:02]} 18. Qc2 {
[%emt 0:03:30]} Qc7 {[%emt 0:03:16]} 19. Rfd1 {[%emt 0:11:53]} Rc5 {[%emt 0:06:
39]} 20. Qa4 {[%emt 0:00:11]} Bd8 {[%emt 0:02:19]} 21. Nf3 {[%emt 0:11:07]}
Rxa5 {[%emt 0:12:05]} 22. Qxa5 {[%emt 0:00:04]} Qxa5 {[%emt 0:00:02]} 23. Rxa5
{[%emt 0:00:05]} Bxa5 {[%emt 0:00:03]} 24. Rxd6 {[%emt 0:00:05]} Bc7 {[%emt 0:
01:51]} 25. Rd1 {[%emt 0:00:13]} Rd8 {[%emt 0:02:47]} 26. Rxd8+ {[%emt 0:00:18]
} Bxd8 {[%emt 0:00:02]} 27. Nxe5 {[%emt 0:00:06]} Nxe4 {[%emt 0:00:03]} 28. Bf3
{[%emt 0:02:28]} Nd6 {[%emt 0:00:29]} 29. Kf1 {[%emt 0:01:20]} a5 {[%emt 0:01:
38]} 30. Ke2 {[%emt 0:01:41]} Kf8 {[%emt 0:00:48]} 31. Bd5 {[%emt 0:01:19]} Ke7
{[%emt 0:00:57]} 32. Nd3 {[%emt 0:06:19]} b6 {[%emt 0:05:46]} 33. Ne5 {[%emt 0:
00:59]} Bc7 {[%emt 0:00:07]} 34. Nc6+ {[%emt 0:01:00]} Kf6 {[%emt 0:01:34]} 35.
g3 {[%emt 0:00:44]} Nc8 {[%emt 0:01:52]} 36. Bg2 {[%emt 0:00:28]} Ne7 {[%emt 0:
00:41]} 37. Nd4 {[%emt 0:00:05]} Bd6 {[%emt 0:01:50]} 38. Nb3 {[%emt 0:06:14]}
Ke6 {[%emt 0:13:41]} 39. Kd3 {[%emt 0:00:33]} Kd7 {[%emt 0:00:48]} 40. Nd4 {
[%emt 0:01:38]} Bc5 {[%emt 0:03:03]} 41. Kc4 {[%emt 0:31:14]} g6 {[%emt 0:33:
50]} 42. Bh3+ {[%emt 0:01:15]} Kc7 {[%emt 0:01:44]} 43. b4 {[%emt 0:04:31]}
Bxd4 {[%emt 0:11:40]} 44. Kxd4 {[%emt 0:00:30]} Nc6+ {[%emt 0:00:30]} 45. Kc4 {
[%emt 0:00:30]} Ne5+ {[%emt 0:00:30]} 46. Kb5 {[%emt 0:00:30]} axb4 {[%emt 0:
00:30]} 47. cxb4 {[%emt 0:00:30]} Nf3 {[%emt 0:00:30]} 48. Kc4 {[%emt 0:00:30]}
Kd6 {[%emt 0:00:30]} 49. Kb5 {[%emt 0:00:30]} Kc7 {[%emt 0:00:30]} 50. Kc4 {
[%emt 0:00:30]} Kd6 {[%emt 0:00:30]} 51. Kb5 {[%emt 0:00:30]} Ke5 {[%emt 0:00:
13]} 1/2-1/2

[Event "FIDE Womens GP Gibraltar 2021"]
[Site "Caleta"]
[Date "2021.05.31"]
[Round "9.6"]
[White "Saduakassova, Dinara"]
[Black "Paehtz, Elisabeth"]
[Result "1/2-1/2"]
[WhiteElo "2500"]
[BlackElo "2456"]
[Annotator "ChessBase"]
[PlyCount "60"]
[EventDate "2021.05.22"]
[EventType "tourn"]
[EventCountry "GGB"]
[Tiebreak "Koya+Number of black wins+Number of wins"]
[SourceTitle "playchess.com"]
[Source "ChessBase"]
[SourceQuality "1"]
[TimeControl "40/5400+30:1800+30"]

1. d4 {[%emt 0:00:04]} d5 {[%emt 0:00:07]} 2. c4 {[%emt 0:00:13]} e6 {[%emt 0:
00:03]} 3. Nf3 {[%emt 0:00:05]} Nf6 {[%emt 0:00:04]} 4. g3 {[%emt 0:00:04]}
Bb4+ {[%emt 0:00:05]} 5. Bd2 {[%emt 0:00:04]} a5 {[%emt 0:00:05]} 6. Bg2 {
[%emt 0:02:16]} dxc4 {[%emt 0:00:25]} 7. O-O {[%emt 0:06:34]} O-O {[%emt 0:00:
08]} 8. Bg5 {[%emt 0:03:28]} h6 {[%emt 0:00:05]} 9. Bxf6 {[%emt 0:03:07]} Qxf6
{[%emt 0:00:03]} 10. Qc2 {[%emt 0:02:01]} Nc6 {[%emt 0:00:08]} 11. Qxc4 {
[%emt 0:02:06]} e5 {[%emt 0:00:09]} 12. a3 {[%emt 0:10:46]} Bd6 {[%emt 0:02:53]
} 13. d5 {[%emt 0:03:11]} Nb8 {[%emt 0:01:14]} 14. Nc3 {[%emt 0:01:36]} Na6 {
[%emt 0:06:57]} 15. Nd2 {[%emt 0:06:38]} Bd7 {[%emt 0:02:27]} 16. Nde4 {
[%emt 0:06:43]} Qe7 {[%emt 0:01:06]} 17. Rfc1 {[%emt 0:02:33]} f5 {[%emt 0:15:
36]} 18. Nxd6 {[%emt 0:00:51]} cxd6 {[%emt 0:00:04]} 19. b4 {[%emt 0:01:50]}
Qd8 {[%emt 0:02:28]} 20. Qb3 {[%emt 0:06:25]} axb4 {[%emt 0:07:00]} 21. axb4 {
[%emt 0:00:05]} Qb6 {[%emt 0:00:07]} 22. Na4 {[%emt 0:02:17]} Bxa4 {[%emt 0:06:
33]} 23. Qxa4 {[%emt 0:00:05]} Nc7 {[%emt 0:12:33]} 24. Qd7 {[%emt 0:03:04]}
Rxa1 {[%emt 0:01:57]} 25. Rxa1 {[%emt 0:00:03]} Rf7 {[%emt 0:03:22]} 26. Qc8+ {
[%emt 0:01:11]} Rf8 {[%emt 0:01:10]} 27. Qd7 {[%emt 0:00:05]} Rf7 {[%emt 0:06:
54]} 28. Qc8+ {[%emt 0:04:19]} Rf8 {[%emt 0:01:49]} 29. Qd7 {[%emt 0:00:24]}
Rf7 {[%emt 0:02:18]} 30. Qc8+ {[%emt 0:00:08]} Rf8 {[%emt 0:01:47]} 1/2-1/2

[Event "FIDE Womens GP Gibraltar 2021"]
[Site "Caleta"]
[Date "2021.06.01"]
[Round "10.1"]
[White "Stefanova, Antoaneta"]
[Black "Paehtz, Elisabeth"]
[Result "1/2-1/2"]
[WhiteElo "2470"]
[BlackElo "2456"]
[Annotator "TA"]
[PlyCount "154"]
[EventDate "2021.05.22"]
[EventType "tourn"]
[EventCountry "GGB"]
[Tiebreak "Koya+Number of black wins+Number of wins"]
[SourceTitle "playchess.com"]
[Source "ChessBase"]
[SourceQuality "1"]

{[%evp 9,154,-1,9,4,31,30,42,16,32,28,31,12,11,20,7,2,12,0,0,-1,5,-7,-8,-39,
-51,-60,-14,-119,0,0,0,13,11,16,11,8,22,-10,0,-6,-1,-26,57,54,49,6,19,0,0,0,0,
0,0,0,51,50,50,45,44,44,360,360,360,360,360,360,360,360,394,383,365,352,275,
106,106,106,106,106,106,106,106,106,106,106,106,106,106,106,106,106,106,106,
106,106,106,106,106,106,106,106,106,106,106,106,106,106,106,106,106,46,46,46,
46,46,46,46,46,46,46,46,46,46,46,46,46,46,46,46,46,0,46,0,46,0,46,0,46,46,46,
46,46,46,46,0,0,0,46]} 1. d4 d5 2. Nf3 Nf6 3. c4 e6 4. e3 Nbd7 5. Nc3 a6 6. b3
{[#] D37: Queen's Gambit Declined: 5 Bf4.} g6 $146 ({Predecessor:} 6... b6 7.
Bb2 Bd6 8. g3 Bb7 9. Bg2 O-O 10. O-O Ne4 11. Qc2 f5 12. Ne2 Qe7 13. Nf4 a5 {
1-0 (46) Mamedyarov,S (2770)-Firouzja,A (2759) chess24.com INT 2021}) 7. Bd3
Bg7 8. Ba3 {White is slightly better.} c5 9. O-O (9. Bxc5 Nxc5 10. dxc5 Qa5 $15
) 9... Qa5 10. Qc1 dxc4 $1 11. bxc4 O-O 12. Rb1 Rd8 13. Rb3 Qc7 14. Na4 {
[%cal Ra4c5]} cxd4 15. exd4 b6 16. Qb2 {[%cal Ra4b6]} Bb7 17. Be2 $1 (17. Nxb6
$2 Nxb6 18. Rxb6 Bxf3 $19) 17... Rab8 18. Rc1 (18. Rd1 $1 $11 {remains equal.})
18... Nh5 (18... Ng4 $17 19. h3 Nh6) 19. Be7 $11 Re8 20. Qa3 Nf4 21. Bf1 {
[#] Hoping for Bd6.} Bf8 (21... Bxf3 $2 22. Bd6 $18) 22. Bxf8 Rxf8 23. Qe7 Rfe8
24. Qg5 Nh5 25. c5 {[#] aiming for c6!} bxc5 (25... b5 $11 26. Nc3 Kg7) 26.
Nxc5 $14 Nxc5 27. Rxc5 Qd6 28. Qe5 Qd8 29. Rc7 Bd5 30. Rxb8 Qxb8 31. Ng5 (31.
Bxa6 $2 Qb6 $19) 31... f6 ({Better is} 31... Rc8 $11 32. Rxc8+ (32. Rxf7 $2 h6
$19) 32... Qxc8) 32. Qd6 $40 {[%mdl 128] Qd7 is the strong threat. White
attacks.} Qd8 {[%cal Rd8d6]} ({Don't go for} 32... fxg5 $2 33. Qd7 $16) 33.
Qxd8 Rxd8 34. Nxh7 {Threatens to win with g4.} Rb8 $2 {[%mdl 8192]} (34... f5
$1 $14) 35. g4 $18 ({Stronger than} 35. Bxa6 Rb1+ 36. Bf1 Bb7 $11) 35... Rb7
36. Rxb7 Bxb7 37. gxh5 Kxh7 {[%mdl 4096] Endgame KB-KB} 38. Bd3 f5 39. hxg6+
Kxg6 40. Bc4 Kf6 41. f4 (41. h4 $18 {is more deadly.}) 41... a5 $16 42. a3 Bd5
43. Be2 Kg6 44. Kf2 Kh6 45. Ke3 Kg6 46. Kd2 Kh6 47. Kc3 Kg6 48. Bd1 Kh6 49. h3
Kg6 50. Kd2 Kh6 51. Ke3 Kg6 52. Kf2 Kh6 53. Kg3 Kg6 54. Kh4 Kh6 55. Bh5 Be4 56.
Be8 Bd5 57. Kg3 Kg7 58. h4 Kh6 59. h5 (59. Kf2 $16) 59... Kg7 $14 60. Kh4 {
Strongly threatening Kg5.} Kh6 61. Bd7 Bc4 62. Bc6 Bb3 63. Bf3 Bc4 64. Kg3 Bb3
65. Kf2 Bd5 66. Be2 Kg7 67. Kg3 Kh6 68. Kh4 Bb3 69. Bf3 Bc4 70. Kg3 Bb3 71. Kf2
Bd5 72. Be2 Kg7 73. Ke3 Kh6 74. Kd2 Kg7 75. Kc3 Kh7 76. Bc4 Kh6 77. Be2 Kg7 {
Blacks defense is rewarded with a draw.  Weighted Error Value: White=0.11/
Black=0.17} 1/2-1/2